LEADER 01294cam0 22003131 450 001 SOBE00057589 005 20171129145737.0 010 $a2204023531 100 $a20171129d1985 |||||ita|0103 ba 101 $afre$asyr$alat 102 $aFR 200 1 $aHistoire acéphale et Index syriaque des Lettres festales d'Athanase d'Alexandrie$fintroduction, texte critique, traduction et notes par Annik Martin$gavec la collaboration pour l'édition et la traduction du texte syriaque de Micheline Albert 210 $aParis$cLes éditions du Cerf$d1985 215 $a377 p., [2] carte di tav.$cill.$d20 cm 225 2 $aSources chrétiennes$v317 300 $aTesto originale a fronte 410 1$1001LAEC00014980$12001 $a*Sources chrétiennes$v317 500 10$aHistoria acephala$3SOBA00015647$922993 700 0$aAthanasius : Alexandrinus$3A600200039511$4070$0474403 702 1$aMartin, Annik$3SOBA00015646$4070 801 0$aIT$bUNISOB$c20171129$gRICA 850 $aUNISOB 852 $aUNISOB$j200|Coll|11|K$m45035 912 $aSOBE00057589 940 $aM 102 Monografia moderna SBN 941 $aM 957 $a200|Coll|11|K$b000317$gSI$d45035$racquisto$tN$1menle$2UNISOB$3UNISOB$420171129145644.0$520171129145737.0$6menle 996 $aHistoria acephala$922993 997 $aUNISOB LEADER 01330nam 2200397 450 001 996574740103316 005 20230825143245.0 010 $a1-4503-9294-6 035 $a(CKB)4100000012886103 035 $a(NjHacI)994100000012886103 035 $a(EXLCZ)994100000012886103 100 $a20230825d2022 uy 0 101 0 $aeng 135 $aur||||||||||| 181 $ctxt$2rdacontent 182 $cc$2rdamedia 183 $acr$2rdacarrier 200 00$a2022 IEEE/ACM 3rd International Workshop on Gender Equality, Diversity and Inclusion in Software Engineering (GEICSE) /$fValentina Lenarduzzi, Lafifa Jamal, Letizia Jaccheri, editors 210 1$aPiscataway, NJ :$cIEEE,$d2022. 215 $a1 online resource $cillustrations 311 $a1-66546-228-0 517 $a2022 IEEE/ACM 3rd International Workshop on Gender Equality, Diversity and Inclusion in Software Engineering 606 $aSex discrimination 606 $aDiversity in the workplace 615 0$aSex discrimination. 615 0$aDiversity in the workplace. 676 $a305.42 702 $aLenarduzzi$b Valentina 702 $aJamal$b Lafifa 702 $aJaccheri$b Letizia 801 0$bNjHacI 801 1$bNjHacl 906 $aPROCEEDING 912 $a996574740103316 996 $a2022 IEEE$92807321 997 $aUNISA